000
00275nam a22001217a 4500
008
181025b xxu||||| |||| 00| 0 eng d
041
_a
eng
080
_a
541
100
_a
11
101
_a
BIO
245
_a
Investigating Biology Lab Manual
_c
Judith.G.M
942
_2
udc
_c
BK
999
_c
50905
_d
50905